Statistics for Top Men's Football Scorers by Country 2023

Click here to take the quiz!

General Stats

  • This quiz has been taken 60 times
  • The average score is 26 of 232

Answer Stats

CountryGoalsAnswer% Correct
Argentina99Lionel Messi
96%
Portugal122Cristiano Ronaldo
82%
France53Olivier Giroud
71%
England55Harry Kane
69%
Brazil77Neymar
69%
Brazil77Pelé
69%
Bosnia and Herzegovina64Edin Džeko
67%
Belgium71Romelu Lukaku
67%
Chile51Alexis Sánchez
61%
Wales41Gareth Bale
61%
Germany71Miroslav Klose
59%
Ivory Coast65Didier Drogba
57%
Poland78Robert Lewandowski
55%
Senegal35Sadio Mané
55%
Sweden62Zlatan Ibrahimović
55%
Hungary84Ferenc Puskás
53%
Uruguay68Luis Suárez
53%
Gabon30Pierre-Emerick Aubameyang
53%
Republic of Ireland68Robbie Keane
51%
Ukraine48Andriy Shevchenko
49%
Liberia18George Weah
49%
Australia50Tim Cahill
49%
Serbia52Aleksandar Mitrović
47%
Armenia32Henrikh Mkhitaryan
47%
Spain59David Villa
45%
Colombia36Radamel Falcao
45%
Netherlands50Robin van Persie
43%
Finland37Teemu Pukki
43%
Croatia45Davor Šuker
41%
Bulgaria48Dimitar Berbatov
41%
Ecuador38Enner Valencia
41%
Mexico52Javier Hernández
41%
United States57Clint Dempsey
39%
United States57Landon Donovan
37%
New Zealand33Chris Wood
35%
Ghana51Asamoah Gyan
33%
Scotland30Kenny Dalglish
33%
Slovakia26Marek Hamšik
33%
Romania35Gheorghe Hagi
31%
Algeria41Islam Slimani
31%
North Macedonia38Goran Pandev
27%
Guatemala68Carlos Ruiz
24%
Iran109Ali Daei
22%
Togo32Emmanuel Adebayor
22%
Venezuela39Salomón Rondón
22%
Niger17Victorien Adebayor
22%
Montenegro31Stevan Jovetić
20%
Luxembourg16Leon Mart
18%
Trinidad and Tobago70Stern John
18%
Hong Kong40Chan Siu Ki
16%
Myanmar36Myo Hlaing Win
16%
Paraguay32Roque Santa Cruz
16%
Canada26Cyle Larin
14%
Iceland26Eiður Guðjohnsen
12%
Czech Republic55Jan Koller
12%
India84Sunil Chhetri
12%
Romania35Adrian Mutu
10%
Switzerland42Alexander Frei
10%
Israel33Eran Zahavi
10%
Guinea-Bissau9Nando Có
10%
Peru38Paolo Guerrero
10%
Mali25Seydou Keita
10%
Somalia3Abdullahi Sheikh Mohamed
8%
New Caledonia23Bertrand Kaï
8%
Scotland30Denis Law
8%
Italy35Gigi Riva
8%
Turkey51Hakan Şükür
8%
Cuba30Lester Moré
8%
Bolivia30Marcelo Moreno
8%
Aruba6Ronald Gómez
8%
Kosovo23Vedat Muriqi
8%
South Africa31Benni McCarthy
6%
South Korea58Cha Bum-kun
6%
British Virgin Islands5Avondale Williams
4%
Egypt68Hossam Hassan
4%
Soviet Union42Oleg Blokhin
4%
Philippines52Phil Younghusband
4%
Denmark52Poul Nielsen
4%
Benin24Stéphane Sessègnon
4%
Indonesia70Abdul Kadir
2%
Kuwait75Bashar Abdullah
2%
Chinese Taipei25Chen Po-liang
2%
Northern Ireland36David Healy
2%
Uzbekistan34Eldor Shomurodov
2%
Chad15Ezechiel N'Douassel
2%
Singapore55Fandi Ahmad
2%
Zambia79Godfrey Chitalu
2%
Lebanon21Hassan Maatouk
2%
Puerto Rico18Héctor Ramos
2%
Cape Verde15Héldon Ramos
2%
Denmark52Jon Dahl Tomasson
2%
Norway33Jørgen Juve
2%
Saint Kitts and Nevis24Keith Gumbs
2%
Faroe Islands10Klæmint Olsen
2%
Iceland26Kolbeinn Sigþórsson
2%
Japan75Kunishige Kamamoto
2%
Curaçao14Leandro Bacuna
2%
Panama43Luis Tejada
2%
Montserrat10Lyle Taylor
2%
Saudi Arabia72Majed Abdullah
2%
American Samoa3Ramin Ott
2%
Nigeria37Rashidi Yekini
2%
Fiji32Roy Krishna
2%
Bermuda20Shaun Goater
2%
Georgia26Shota Arveladze
2%
Austria44Toni Polster
2%
Morocco36Ahmed Faras
0%
Angola39Akwá
0%
Libya40Ali Al-Biski
0%
Yemen29Ali Al-Nono
0%
Maldives57Ali Ashfaq
0%
United Arab Emirates80Ali Mabkhout
0%
Estonia38Andres Oper
0%
San Marino8Andy Selva
0%
Palestine14Ashraf Nu'man
0%
Bangladesh17Ashraf Uddin Ahmed Chunnu
0%
Gambia13Assan Ceesay
0%
Eritrea5Berhane Aregai
0%
Mauritania13Bessam
0%
Turks and Caicos Islands13Billy Forbes
0%
Honduras57Carlos Pavón
0%
Macau17Chan Kin Seng
0%
Bhutan11Chencho Gyeltshen
0%
Solomon Islands34Commins Menapi
0%
Mauritius17Daniel Imbert
0%
Belize28Deon McCaulay
0%
Samoa9Desmond Fa'aiuaso
0%
DR Congo22Dieumerci Mbokani
0%
Saint Lucia20Earl Jean
0%
Comoros17El Fardou Ben Nabouhane
0%
Equatorial Guinea13Emilio Nsue
0%
Uganda28Emmanuel Okwi
0%
Haiti37Emmanuel Sanon
0%
Albania18Erjon Bogdani
0%
Palestine14Fahed Attal
0%
Afghanistan10Faysal Shayesteh
0%
Eswatini15Felix Badenhorst
0%
Syria36Firas Al-Khatib
0%
Burundi19Fiston Abdul Razak
0%
Ethiopia33Getaneh Kebede
0%
Anguilla5Girdon Connor
0%
Azerbaijan14Gurban Gurbanov
0%
Jordan33Hamza Al-Dardour
0%
Oman43Hani Al-Dhabit
0%
China39Hao Haidong
0%
Nepal13Hari Khadka
0%
Central African Republic10Hilaire Momi
0%
Cambodia20Hok Sochetra
0%
Bulgaria48Hristo Bonev
0%
Iraq78Hussein Saeed
0%
Guinea33Ibrahima Kandia Diallo
0%
Andorra11Ildefons Lima
0%
Bahrain47Ismail Abdullatif
0%
Tunisia36Issam Jemâa
0%
South Sudan6James Moga
0%
U.S. Virgin Islands3Jamie Browne
0%
Lesotho11Jane Thabantso
0%
Guam25Jason Cunliffe
0%
U.S. Virgin Islands3J.C. Mack
0%
Botswana24Jerome Ramatlhakwane
0%
Dominican Republic24Jonathan Faña
0%
North Korea26Jong Il-gwan
0%
Nicaragua24Juan Barrera
0%
Dominica20Julian Wade
0%
Sri Lanka27Kasun Jayasuriya
0%
Thailand71Kiatisuk Senamuang
0%
Malawi71Kinnah Phiri
0%
Vietnam51Lê Công Vinh
0%
Cayman Islands12Lee Ramoon
0%
Bahamas13Lesly St. Fleur
0%
Gibraltar5Liam Walker
0%
Barbados23Llewellyn Riley
0%
Central African Republic10Louis Mafouta
0%
São Tomé and Príncipe10Luís Leal
0%
Mongolia8Lümbengarav Donorovyn
0%
Jamaica35Luton Shelton
0%
Djibouti6Mahdi Houssein Mahabeh
0%
Belarus20Maksim Romaschenko
0%
Uzbekistan35Maksim Shatskikh
0%
Tajikistan20Manuchekhr Dzhalilov
0%
Liechtenstein16Mario Frick
0%
Latvia29Māris Verpakovskis
0%
Qatar42Masour Muftah
0%
Malta42Michael Mifsud
0%
Cyprus32Michalis Konstantinou
0%
Kyrgyzstan15Mirlan Murzayev
0%
Sierra Leone8Mohamed Kallon
0%
Malaysia89Mokhtar Dahari
0%
Burkina Faso34Moumouni Dagano
0%
Tanzania25Mrisho Ngasa
0%
Pakistan11Muhammad Essa
0%
Mongolia8Naranbold Nyam-Osor
0%
Sudan27Nasr Eddin Abbas
0%
Guyana18Nigel Codrington
0%
Greece29Nikos Anastopoulos
0%
Nepal13Nirajan Rayamajhi
0%
Rwanda24Olivier Karekezi
0%
Madagascar15Paulin Voavy
0%
Antigua and Barbuda44Peter Byers
0%
Zimbabwe37Peter Ndlovu
0%
Namibia14Peter Shalulile
0%
Seychelles14Philip Zialor
0%
Curaçao14Rangelo Janga
0%
El Salvador39Raúl Díaz Arce
0%
Papua New Guinea13Reggie Davani
0%
Vanuatu20Richard Iwai
0%
Anguilla5Richard O'Connor
0%
Grenada37Ricky Charles
0%
Faroe Islands10Rógvi Jacobsen
0%
Costa Rica47Rolando Fonseca
0%
Gibraltar5Roy Chipolina
0%
Timor-Leste7Rufino Gama
0%
Kazakhstan13Ruslan Baltiev
0%
Eswatini15Sabelo Ndzinisa
0%
Moldova11Serghei Clescenco
0%
Brunei8Shahrazen Said
0%
Saint Vincent and the Grenadines32Shandel Samuel
0%
Suriname14Stefano Rijssel
0%
Cook Islands6Taylor Saghabi
0%
Tahiti24Teaonui Tehau
0%
Anguilla5Terrence Rogers
0%
Congo16Thievy Bifouma
0%
Mozambique30Tico-Tico
0%
Lithuania19Tomas Danilevičius
0%
Tonga7Unaloto Feao
0%
Lebanon21Vardan Ghazaryan
0%
Laos18Visay Phaphouvanin
0%
Kenya35William Ouma
0%
Turkmenistan16Wladimir Baýramow
0%
Eritrea5Yidnekachew Shimangus
0%
Eritrea5Yonas Fesehaye
0%
Slovenia35Zlatko Zahovič
0%

Score Distribution

Percentile by Number Answered

Percent of People with Each Score

Your Score History

You have not taken this quiz